00747nam a2200217Ii 450000100060000000300090000600800410001504000330005604100080008908200130009710000310011024500240014126400620016530000120022733600260023933700280026533800270029394000510032099900170037195201410038810216CO-ViMGA241108s9999||||xx |||||||||||||| ||und|| aCO-ViMGAbspaerdacCO-ViMGA0 aunk04a861-H8721 aAgustín de la Hoz95325910aCueva de los verdes 1a[Lugar de publicación no identificado] : Saavedra, 1965 avolumen atextbtxt2rdacontent aunmediatedbn2rdamedia avolumebnc2rdacarrier aidficha_siabuc: 9987. -- ficha_no_siabuc:10216 c49832d49832 001040708001aMEVIGERRbMEVIGERRcGENd2006-11-27hVol.1o861-H872pECA10798r2024-11-26 10:01:24tEj.1w2024-11-26yBKz9987 | 13534